000 00675nam a22002297a 4500
003 UA-OsUOA
001 50818
007 ta
008 20140626b un ||||| |||| 00| 0 ukr d
090 _a94(477).04
_bГ44
942 _cBK
040 _aUA-OsUOA
_bukr
_cUA-OsUOA
_dUA-OsUOA
245 _aГетьмани України. Історичні портрети.
300 _a214 с.
955 _a1
041 _aukr
080 _a94(477).04
260 _aК.
_c1991
650 7 _a9 Географія. Біографії. Історія
_2UDC
999 _c430949
_d430949